Казна України (Запис № 324554)

МАРК-запис
000 -Лідер
fixed length control field 01268cas a22003137c 4500
001 - Контрольний номер
control field 38396
003 - Ідентифікатор контрольного номера
control field UA-OsUOA
005 - Дата та час останнього входження (трансакції)
control field 20230609113336.0
007 - Фіксоване поле фізичного опису
fixed length control field ta
008 - Елементи даних фіксованої довжини – загальна інформація
fixed length control field 200605c2009 un mr|p||00| 0 ukrcd
040 ## - Джерело каталогізації
Агенція оригінальної каталогізації UA-OsUOA
Мова каталогізації ukr
Агенція, яка здійснювала перезапис UA-OsUOA
Агенція, яка здійснювала модифікацію UA-OsUOA
041 ## - Код мови
Код мови тексту/ звукової доріжки чи окремого заголовка (П) ukr
044 ## - Код країни видавця/ виробника
Код країни видавця/ виробника (П) UA
080 ## - Індекс Універсальної десяткової класифікації
Індекс Універсальної десяткової класифікації (УДК) (НП) 336
090 ## - Локальний шифр розміщення
Класифікаційний індекс УДК 336
Авторський знак (НП) К14
099 ## - Місцевий розмір звичайного тексту (OCLC)
Передплатний індекс 37620
110 ## - Наймення організації – загальна інформація
Найменування колективу або юрисдикції як початковий елемент введення Державна казначейська служба України
245 ## - Відомості про назву
Назва (НП) Казна України
Решта назви (НП) всеукраїнський науково-практичний журнал
Дані про відповідальність (НП) голова ред. ради Дуда В. П.
260 ## - Публікація, розповсюдження і т.п. (Вихідні дані)
Місце публікації, розповсюдження і т.п. (П) Київ
Ім’я/ наймення видавництва, розповсюджувача і т.п. (П) Піраміда
Дата публікації, розповсюдження і т.п. (П) 2009
310 ## - Поточна періодичність
Поточна періодичність два рази на квартал
505 ## - Форматована примітка про зміст
Форматована примітка про зміст Досвід роботи казначейських організацій. Методологія казначейського обслуговування бюджетів, бухгалтерського обліку та звітності у системі держуправління.
650 #7 - Додаткове предметне введення – тематичний термін
Тематичний термін чи географічна назва, як елемент введення (НП) 336
Джерело заголовка чи терміна UDC
856 ## - Електронне місцезнаходження та доступ
Уніфікований ідентифікатор ресурсу (П) https://www.treasury.gov.ua/ua/pro-kaznachejstvo/zhurnal-kazna
942 ## - Додаткові елементи входу (Коха)
Тип елемента Koha Журнал
Source of classification or shelving scheme Universal Decimal Classification
Serial record 1
955 ## - Код типу видання за змістом
Код типу видання за змістом (НП) інше
962 ## - Рік початку публікації
Рік 2009
Фонди
Стан вилучень Стан втрат Джерело класифікації або схеми стелажів Стан уражень Не для кредиту Постійне місце розташування Поточне розміщення Дата придбання Послідовне перерахування / хронологія Усього замовленно Повний номер виклику Штрих-код Дата останнього перегляду Ціна ефективна від Тип елемента Koha URI Примітка, призначена для загального доступу
    Universal Decimal Classification     ВП - Відділ періодики НБ ВП - Відділ періодики НБ 05/11/2019 1 (63)   336 К14 5139626 05/11/2019 05/11/2019 Номер журналу    
    Universal Decimal Classification     ВП - Відділ періодики НБ ВП - Відділ періодики НБ 05/11/2019 2 (64)   336 К14 5139627 05/11/2019 05/11/2019 Номер журналу    
    Universal Decimal Classification     ВП - Відділ періодики НБ ВП - Відділ періодики НБ 05/11/2019 3 (65)   336 К14 5139628 05/11/2019 05/11/2019 Номер журналу    
    Universal Decimal Classification     ВП - Відділ періодики НБ ВП - Відділ періодики НБ 05/11/2019 4 (66)   336 К14 5139629 05/11/2019 05/11/2019 Номер журналу    
    Universal Decimal Classification     ВП - Відділ періодики НБ ВП - Відділ періодики НБ 05/11/2019 5 (67)   336 К14 5139630 05/11/2019 05/11/2019 Номер журналу    
    Universal Decimal Classification     ВП - Відділ періодики НБ ВП - Відділ періодики НБ 05/11/2019 6 (68)   336 К14 5139631 05/11/2019 05/11/2019 Номер журналу    
    Universal Decimal Classification     ВП - Відділ періодики НБ ВП - Відділ періодики НБ 05/11/2019 7 (69)   336 К14 5139632 05/11/2019 05/11/2019 Номер журналу    
    Universal Decimal Classification     ВП - Відділ періодики НБ ВП - Відділ періодики НБ 05/11/2019 8 (70)   336 К14 5139633 05/11/2019 05/11/2019 Номер журналу    
    Universal Decimal Classification     ВП - Відділ періодики НБ ВП - Відділ періодики НБ 05/11/2019 9 (71)   336 К14 5139634 05/11/2019 05/11/2019 Номер журналу    
    Universal Decimal Classification     ВП - Відділ періодики НБ ВП - Відділ періодики НБ 05/11/2019 10 (72)   336 К14 5139635 05/11/2019 05/11/2019 Номер журналу    
    Universal Decimal Classification     ВП - Відділ періодики НБ ВП - Відділ періодики НБ 05/11/2019 11 (73)   336 К14 5139636 05/11/2019 05/11/2019 Номер журналу    
    Universal Decimal Classification     ВП - Відділ періодики НБ ВП - Відділ періодики НБ 05/11/2019 12 (74)   336 К14 5139637 05/11/2019 05/11/2019 Номер журналу    
    Universal Decimal Classification     ВП - Відділ періодики НБ ВП - Відділ періодики НБ 05/11/2019 1 (75)   336 К14 5139638 05/11/2019 05/11/2019 Номер журналу    
    Universal Decimal Classification     ВП - Відділ періодики НБ ВП - Відділ періодики НБ 05/11/2019 2 (76)   336 К14 5139639 05/11/2019 05/11/2019 Номер журналу    
    Universal Decimal Classification     ВП - Відділ періодики НБ ВП - Відділ періодики НБ 05/11/2019 3 (77)   336 К14 5139640 05/11/2019 05/11/2019 Номер журналу    
    Universal Decimal Classification     ВП - Відділ періодики НБ ВП - Відділ періодики НБ 05/11/2019 4 (78)   336 К14 5139641 05/11/2019 05/11/2019 Номер журналу    
    Universal Decimal Classification     ВП - Відділ періодики НБ ВП - Відділ періодики НБ 05/11/2019 5 (79)   336 К14 5139642 05/11/2019 05/11/2019 Номер журналу    
    Universal Decimal Classification     ВП - Відділ періодики НБ ВП - Відділ періодики НБ 05/11/2019 6 (80)   336 К14 5139643 05/11/2019 05/11/2019 Номер журналу    
    Universal Decimal Classification     ВП - Відділ періодики НБ ВП - Відділ періодики НБ 05/11/2019 7 (81)   336 К14 5139644 05/11/2019 05/11/2019 Номер журналу    
    Universal Decimal Classification     ВП - Відділ періодики НБ ВП - Відділ періодики НБ 05/11/2019 8 (82)   336 К14 5139645 05/11/2019 05/11/2019 Номер журналу    
    Universal Decimal Classification     ВП - Відділ періодики НБ ВП - Відділ періодики НБ 05/11/2019 9 (83)   336 К14 5139646 05/11/2019 05/11/2019 Номер журналу    
    Universal Decimal Classification     ВП - Відділ періодики НБ ВП - Відділ періодики НБ 05/11/2019 10 (84)   336 К14 5139647 05/11/2019 05/11/2019 Номер журналу    
    Universal Decimal Classification     ВП - Відділ періодики НБ ВП - Відділ періодики НБ 05/11/2019 11 (85)   336 К14 5139648 05/11/2019 05/11/2019 Номер журналу    
    Universal Decimal Classification     ВП - Відділ періодики НБ ВП - Відділ періодики НБ 05/11/2019 12 (86)   336 К14 5139649 05/11/2019 05/11/2019 Номер журналу    
    Universal Decimal Classification     ВП - Відділ періодики НБ ВП - Відділ періодики НБ 05/11/2019 1 (87)   336 К14 5139650 05/11/2019 05/11/2019 Номер журналу    
    Universal Decimal Classification     ВП - Відділ періодики НБ ВП - Відділ періодики НБ 05/11/2019 2 (88)   336 К14 5139651 05/11/2019 05/11/2019 Номер журналу    
    Universal Decimal Classification     ВП - Відділ періодики НБ ВП - Відділ періодики НБ 05/11/2019 3 (89)   336 К14 5139652 05/11/2019 05/11/2019 Номер журналу    
    Universal Decimal Classification     ВП - Відділ періодики НБ ВП - Відділ періодики НБ 05/11/2019 4 (90)   336 К14 5139653 05/11/2019 05/11/2019 Номер журналу    
    Universal Decimal Classification     ВП - Відділ періодики НБ ВП - Відділ періодики НБ 05/11/2019 5 (91)   336 К14 5139654 05/11/2019 05/11/2019 Номер журналу    
    Universal Decimal Classification     ВП - Відділ періодики НБ ВП - Відділ періодики НБ 05/11/2019 6 (92)   336 К14 5139655 05/11/2019 05/11/2019 Номер журналу    
    Universal Decimal Classification     ВП - Відділ періодики НБ ВП - Відділ періодики НБ 05/11/2019 7 (93)   336 К14 5139656 05/11/2019 05/11/2019 Номер журналу    
    Universal Decimal Classification     ВП - Відділ періодики НБ ВП - Відділ періодики НБ 05/11/2019 8 (94)   336 К14 5139657 05/11/2019 05/11/2019 Номер журналу    
    Universal Decimal Classification     ВП - Відділ періодики НБ ВП - Відділ періодики НБ 05/11/2019 9 (95)   336 К14 5139658 05/11/2019 05/11/2019 Номер журналу    
    Universal Decimal Classification     ВП - Відділ періодики НБ ВП - Відділ періодики НБ 05/11/2019 10 (96)   336 К14 5139659 05/11/2019 05/11/2019 Номер журналу    
    Universal Decimal Classification     ВП - Відділ періодики НБ ВП - Відділ періодики НБ 05/11/2019 11 (97)   336 К14 5139660 05/11/2019 05/11/2019 Номер журналу    
    Universal Decimal Classification     ВП - Відділ періодики НБ ВП - Відділ періодики НБ 05/11/2019 12 (98)   336 К14 5139661 05/11/2019 05/11/2019 Номер журналу    
    Universal Decimal Classification     ВП - Відділ періодики НБ ВП - Відділ періодики НБ 05/11/2019 1 (99)   336 К14 5139662 05/11/2019 05/11/2019 Номер журналу    
    Universal Decimal Classification     ВП - Відділ періодики НБ ВП - Відділ періодики НБ 05/11/2019 2 (100)   336 К14 5139663 05/11/2019 05/11/2019 Номер журналу    
    Universal Decimal Classification     ВП - Відділ періодики НБ ВП - Відділ періодики НБ 05/11/2019 3 (101)   336 К14 5139664 05/11/2019 05/11/2019 Номер журналу    
    Universal Decimal Classification     ВП - Відділ періодики НБ ВП - Відділ періодики НБ 05/11/2019 4 (102)   336 К14 5139665 05/11/2019 05/11/2019 Номер журналу    
    Universal Decimal Classification     ВП - Відділ періодики НБ ВП - Відділ періодики НБ 05/11/2019 5 (103)   336 К14 5139666 05/11/2019 05/11/2019 Номер журналу    
    Universal Decimal Classification     ВП - Відділ періодики НБ ВП - Відділ періодики НБ 05/11/2019 6 (104)   336 К14 5139667 05/11/2019 05/11/2019 Номер журналу    
    Universal Decimal Classification     ВП - Відділ періодики НБ ВП - Відділ періодики НБ 05/11/2019 7 (105)   336 К14 5139668 05/11/2019 05/11/2019 Номер журналу    
    Universal Decimal Classification     ВП - Відділ періодики НБ ВП - Відділ періодики НБ 05/11/2019 8 (106)   336 К14 5139669 05/11/2019 05/11/2019 Номер журналу    
    Universal Decimal Classification     ВП - Відділ періодики НБ ВП - Відділ періодики НБ 05/11/2019 9 (107)   336 К14 5139670 05/11/2019 05/11/2019 Номер журналу    
    Universal Decimal Classification     ВП - Відділ періодики НБ ВП - Відділ періодики НБ 05/11/2019 10 (108)   336 К14 5139671 05/11/2019 05/11/2019 Номер журналу    
    Universal Decimal Classification     ВП - Відділ періодики НБ ВП - Відділ періодики НБ 05/11/2019 11 (109)   336 К14 5139672 05/11/2019 05/11/2019 Номер журналу    
    Universal Decimal Classification     ВП - Відділ періодики НБ ВП - Відділ періодики НБ 05/11/2019 12 (110)   336 К14 5139673 05/11/2019 05/11/2019 Номер журналу    
    Universal Decimal Classification     ВП - Відділ періодики НБ ВП - Відділ періодики НБ 05/11/2019 1 (4)   336 К14 5139674 05/11/2019 05/11/2019 Номер журналу    
    Universal Decimal Classification     ВП - Відділ періодики НБ ВП - Відділ періодики НБ 05/11/2019 2 (5)   336 К14 5139675 05/11/2019 05/11/2019 Номер журналу    
    Universal Decimal Classification     ВП - Відділ періодики НБ ВП - Відділ періодики НБ 05/11/2019 3 (6)   336 К14 5139676 05/11/2019 05/11/2019 Номер журналу    
    Universal Decimal Classification     ВП - Відділ періодики НБ ВП - Відділ періодики НБ 05/11/2019 4 (7)   336 К14 5139677 05/11/2019 05/11/2019 Номер журналу    
    Universal Decimal Classification     ВП - Відділ періодики НБ ВП - Відділ періодики НБ 05/11/2019 5 (8)   336 К14 5139678 05/11/2019 05/11/2019 Номер журналу    
    Universal Decimal Classification     ВП - Відділ періодики НБ ВП - Відділ періодики НБ 05/11/2019 6 (9)   336 К14 5139679 05/11/2019 05/11/2019 Номер журналу    
    Universal Decimal Classification     ВП - Відділ періодики НБ ВП - Відділ періодики НБ 05/11/2019 1 (10)   336 К14 5139680 05/11/2019 05/11/2019 Номер журналу    
    Universal Decimal Classification     ВП - Відділ періодики НБ ВП - Відділ періодики НБ 05/11/2019 2 (11)   336 К14 5139681 05/11/2019 05/11/2019 Номер журналу    
    Universal Decimal Classification     ВП - Відділ періодики НБ ВП - Відділ періодики НБ 05/11/2019 3 (12)   336 К14 5139682 05/11/2019 05/11/2019 Номер журналу    
    Universal Decimal Classification     ВП - Відділ періодики НБ ВП - Відділ періодики НБ 05/11/2019 4 (13)   336 К14 5139683 05/11/2019 05/11/2019 Номер журналу    
    Universal Decimal Classification     ВП - Відділ періодики НБ ВП - Відділ періодики НБ 05/11/2019 5 (14)   336 К14 5139684 05/11/2019 05/11/2019 Номер журналу    
    Universal Decimal Classification     ВП - Відділ періодики НБ ВП - Відділ періодики НБ 05/11/2019 6 (15)   336 К14 5139685 05/11/2019 05/11/2019 Номер журналу    
    Universal Decimal Classification     ВП - Відділ періодики НБ ВП - Відділ періодики НБ 05/11/2019 1 (16)   336 К14 5139686 05/11/2019 05/11/2019 Номер журналу    
    Universal Decimal Classification     ВП - Відділ періодики НБ ВП - Відділ періодики НБ 05/11/2019 2 (17)   336 К14 5139687 05/11/2019 05/11/2019 Номер журналу    
    Universal Decimal Classification     ВП - Відділ періодики НБ ВП - Відділ періодики НБ 05/11/2019 3 (18)   336 К14 5139688 05/11/2019 05/11/2019 Номер журналу    
    Universal Decimal Classification     ВП - Відділ періодики НБ ВП - Відділ періодики НБ 05/11/2019 4 (19)   336 К14 5139689 05/11/2019 05/11/2019 Номер журналу    
    Universal Decimal Classification     ВП - Відділ періодики НБ ВП - Відділ періодики НБ 05/11/2019 5 (20)   336 К14 5139690 05/11/2019 05/11/2019 Номер журналу    
    Universal Decimal Classification     ВП - Відділ періодики НБ ВП - Відділ періодики НБ 05/11/2019 6 (21)   336 К14 5139691 05/11/2019 05/11/2019 Номер журналу    
    Universal Decimal Classification     ВП - Відділ періодики НБ ВП - Відділ періодики НБ 05/11/2019 1 (22)   336 К14 5139692 05/11/2019 05/11/2019 Номер журналу    
    Universal Decimal Classification     ВП - Відділ періодики НБ ВП - Відділ періодики НБ 05/11/2019 2 (23)   336 К14 5139693 05/11/2019 05/11/2019 Номер журналу    
    Universal Decimal Classification     ВП - Відділ періодики НБ ВП - Відділ періодики НБ 05/11/2019 3 (24)   336 К14 5139694 05/11/2019 05/11/2019 Номер журналу    
    Universal Decimal Classification     ВП - Відділ періодики НБ ВП - Відділ періодики НБ 05/11/2019 4 (25)   336 К14 5139695 05/11/2019 05/11/2019 Номер журналу    
    Universal Decimal Classification     ВП - Відділ періодики НБ ВП - Відділ періодики НБ 05/11/2019 5 (26)   336 К14 5139696 05/11/2019 05/11/2019 Номер журналу    
    Universal Decimal Classification     ВП - Відділ періодики НБ ВП - Відділ періодики НБ 05/11/2019 6 (27)   336 К14 5139697 05/11/2019 05/11/2019 Номер журналу    
    Universal Decimal Classification     ВП - Відділ періодики НБ ВП - Відділ періодики НБ 05/11/2019 1 (28)   336 К14 5139698 05/11/2019 05/11/2019 Номер журналу    
    Universal Decimal Classification     ВП - Відділ періодики НБ ВП - Відділ періодики НБ 05/11/2019 2 (29)   336 К14 5139699 05/11/2019 05/11/2019 Номер журналу    
    Universal Decimal Classification     ВП - Відділ періодики НБ ВП - Відділ періодики НБ 05/11/2019 3 (30)   336 К14 5139700 05/11/2019 05/11/2019 Номер журналу    
    Universal Decimal Classification     ВП - Відділ періодики НБ ВП - Відділ періодики НБ 05/11/2019 4 (31)   336 К14 5139701 05/11/2019 05/11/2019 Номер журналу    
    Universal Decimal Classification     ВП - Відділ періодики НБ ВП - Відділ періодики НБ 05/11/2019 5 (32)   336 К14 5139702 05/11/2019 05/11/2019 Номер журналу    
    Universal Decimal Classification     ВП - Відділ періодики НБ ВП - Відділ періодики НБ 05/11/2019 6 (33)   336 К14 5139703 05/11/2019 05/11/2019 Номер журналу    
    Universal Decimal Classification     ВП - Відділ періодики НБ ВП - Відділ періодики НБ 05/11/2019 1 (34)   336 К14 5139704 05/11/2019 05/11/2019 Номер журналу    
    Universal Decimal Classification     ВП - Відділ періодики НБ ВП - Відділ періодики НБ 05/11/2019 2 (35)   336 К14 5139705 05/11/2019 05/11/2019 Номер журналу    
    Universal Decimal Classification     ВП - Відділ періодики НБ ВП - Відділ періодики НБ 05/11/2019 3 (36)   336 К14 5139706 05/11/2019 05/11/2019 Номер журналу    
    Universal Decimal Classification     ВП - Відділ періодики НБ ВП - Відділ періодики НБ 05/11/2019 4 (37)   336 К14 5139707 05/11/2019 05/11/2019 Номер журналу    
    Universal Decimal Classification     ВП - Відділ періодики НБ ВП - Відділ періодики НБ 05/11/2019 5 (38)   336 К14 5139708 05/11/2019 05/11/2019 Номер журналу    
    Universal Decimal Classification     ВП - Відділ періодики НБ ВП - Відділ періодики НБ 05/11/2019 6 (39)   336 К14 5139709 05/11/2019 05/11/2019 Номер журналу    
    Universal Decimal Classification     ВП - Відділ періодики НБ ВП - Відділ періодики НБ 05/11/2019 1 (40)   336 К14 5139710 05/11/2019 05/11/2019 Номер журналу    
    Universal Decimal Classification     ВП - Відділ періодики НБ ВП - Відділ періодики НБ 05/11/2019 2 (41)   336 К14 5139711 05/11/2019 05/11/2019 Номер журналу    
    Universal Decimal Classification     ВП - Відділ періодики НБ ВП - Відділ періодики НБ 05/11/2019 3 (42)   336 К14 5139712 05/11/2019 05/11/2019 Номер журналу    
    Universal Decimal Classification     ВП - Відділ періодики НБ ВП - Відділ періодики НБ 05/11/2019 4 (43)   336 К14 5139713 05/11/2019 05/11/2019 Номер журналу    
    Universal Decimal Classification     ВП - Відділ періодики НБ ВП - Відділ періодики НБ 05/11/2019 5 (44)   336 К14 5139714 05/11/2019 05/11/2019 Номер журналу    
    Universal Decimal Classification     ВП - Відділ періодики НБ ВП - Відділ періодики НБ 05/11/2019 6 (45)   336 К14 5139715 05/11/2019 05/11/2019 Номер журналу    
    Universal Decimal Classification     ВП - Відділ періодики НБ ВП - Відділ періодики НБ 05/11/2019 7 (46)   336 К14 5139716 05/11/2019 05/11/2019 Номер журналу    
    Universal Decimal Classification     ВП - Відділ періодики НБ ВП - Відділ періодики НБ 05/11/2019 2 (47)   336 К14 5139717 05/11/2019 05/11/2019 Номер журналу    
    Universal Decimal Classification     ВП - Відділ періодики НБ ВП - Відділ періодики НБ 05/11/2019 3 (48)   336 К14 5139718 05/11/2019 05/11/2019 Номер журналу    
    Universal Decimal Classification     ВП - Відділ періодики НБ ВП - Відділ періодики НБ 05/11/2019 4 (49)   336 К14 5139719 05/11/2019 05/11/2019 Номер журналу    
    Universal Decimal Classification     ВП - Відділ періодики НБ ВП - Відділ періодики НБ 05/11/2019 5 (50)   336 К14 5139720 05/11/2019 05/11/2019 Номер журналу    
    Universal Decimal Classification     ВП - Відділ періодики НБ ВП - Відділ періодики НБ 05/11/2019 6 (51)   336 К14 5139721 05/11/2019 05/11/2019 Номер журналу    
    Universal Decimal Classification     ВП - Відділ періодики НБ ВП - Відділ періодики НБ 05/11/2019 1 (60)   336 К14 5139722 05/11/2019 05/11/2019 Номер журналу    
    Universal Decimal Classification     ВП - Відділ періодики НБ ВП - Відділ періодики НБ 05/11/2019 2 (61)   336 К14 5139723 05/11/2019 05/11/2019 Номер журналу    
    Universal Decimal Classification     ВП - Відділ періодики НБ ВП - Відділ періодики НБ 05/11/2019 3 (62)   336 К14 5139724 05/11/2019 05/11/2019 Номер журналу    
    Universal Decimal Classification     ВП - Відділ періодики НБ ВП - Відділ періодики НБ 05/11/2019 4 (63)   336 К14 5139725 05/11/2019 05/11/2019 Номер журналу    
    Universal Decimal Classification     ВП - Відділ періодики НБ ВП - Відділ періодики НБ 05/11/2019 5 (64)   336 К14 5139726 05/11/2019 05/11/2019 Номер журналу    
    Universal Decimal Classification     ВП - Відділ періодики НБ ВП - Відділ періодики НБ 05/11/2019 6 (65)   336 К14 5139727 05/11/2019 05/11/2019 Номер журналу    
    Universal Decimal Classification     ВП - Відділ періодики НБ ВП - Відділ періодики НБ 05/11/2019 1 (66)   336 К14 5139728 05/11/2019 05/11/2019 Номер журналу    
    Universal Decimal Classification     ВП - Відділ періодики НБ ВП - Відділ періодики НБ 05/11/2019 2 (67)   336 К14 5139729 05/11/2019 05/11/2019 Номер журналу    
    Universal Decimal Classification     ВП - Відділ періодики НБ ВП - Відділ періодики НБ 05/11/2019 3 (68)   336 К14 5139730 05/11/2019 05/11/2019 Номер журналу    
    Universal Decimal Classification     ВП - Відділ періодики НБ ВП - Відділ періодики НБ 05/11/2019 4 (69)   336 К14 5139731 05/11/2019 05/11/2019 Номер журналу    
    Universal Decimal Classification     ВП - Відділ періодики НБ ВП - Відділ періодики НБ 05/11/2019 5 (70)   336 К14 5139732 05/11/2019 05/11/2019 Номер журналу    
    Universal Decimal Classification     ВП - Відділ періодики НБ ВП - Відділ періодики НБ 05/11/2019 6 (71)   336 К14 5139733 05/11/2019 05/11/2019 Номер журналу    
    Universal Decimal Classification     ВП - Відділ періодики НБ ВП - Відділ періодики НБ 27/11/2019 7 (72)   336 К14 5142352 27/11/2019 27/11/2019 Номер журналу    
    Universal Decimal Classification     ВП - Відділ періодики НБ ВП - Відділ періодики НБ 10/01/2020 8 (73)   336 К14 5144865 10/01/2020 10/01/2020 Номер журналу    
    Universal Decimal Classification     ВП - Відділ періодики НБ ВП - Відділ періодики НБ 24/02/2020 1 (74)   336 К14 5147478 24/02/2020 24/02/2020 Номер журналу    
    Universal Decimal Classification     ВП - Відділ періодики НБ ВП - Відділ періодики НБ 06/04/2020 2 (75)   336 К14 5150489 06/04/2020 06/04/2020 Номер журналу    
    Universal Decimal Classification     ВП - Відділ періодики НБ ВП - Відділ періодики НБ 18/05/2020 3 (76)   336 К14 216218004 18/05/2020 18/05/2020 Номер журналу    
    Universal Decimal Classification     ВП - Відділ періодики НБ ВП - Відділ періодики НБ 09/07/2020 4 (77)   336 К14 216218790 09/07/2020 09/07/2020 Номер журналу    
    Universal Decimal Classification     ВП - Відділ періодики НБ ВП - Відділ періодики НБ 09/09/2020 5 (78)   336 К14 216219208 09/09/2020 09/09/2020 Номер журналу    
    Universal Decimal Classification     ВП - Відділ періодики НБ ВП - Відділ періодики НБ 02/11/2020 6 (79)   336 К14 216219594 02/11/2020 02/11/2020 Номер журналу    
    Universal Decimal Classification     ВП - Відділ періодики НБ ВП - Відділ періодики НБ 10/12/2020 7 (80)   336 К14 216219852 10/12/2020 10/12/2020 Номер журналу    
    Universal Decimal Classification     ВП - Відділ періодики НБ ВП - Відділ періодики НБ 12/01/2021 8 (81)   336 К14 216220052 12/01/2021 12/01/2021 Номер журналу    
    Universal Decimal Classification     ВП - Відділ періодики НБ ВП - Відділ періодики НБ 18/03/2021 1 (82)   336 К14 216220429 18/03/2021 18/03/2021 Номер журналу    
    Universal Decimal Classification     ВП - Відділ періодики НБ ВП - Відділ періодики НБ 06/04/2021 2 (83)   336 К14 216220524 06/04/2021 06/04/2021 Номер журналу    
    Universal Decimal Classification     ВП - Відділ періодики НБ ВП - Відділ періодики НБ 22/06/2021 4 (85)   336 К14 216220903 22/06/2021 22/06/2021 Номер журналу    
    Universal Decimal Classification     ВП - Відділ періодики НБ ВП - Відділ періодики НБ 22/06/2021 3 (84)   336 К14 216220904 22/06/2021 22/06/2021 Номер журналу    
    Universal Decimal Classification     ВП - Відділ періодики НБ ВП - Відділ періодики НБ 07/09/2021 5 (86)   336 К14 216221284 07/09/2021 07/09/2021 Номер журналу    
    Universal Decimal Classification     ВП - Відділ періодики НБ ВП - Відділ періодики НБ 03/11/2021 6 (87)   336 К14 216221595 03/11/2021 03/11/2021 Номер журналу    
    Universal Decimal Classification     ВП - Відділ періодики НБ ВП - Відділ періодики НБ 09/12/2021 7 (88)   336 К14 216221766 09/12/2021 09/12/2021 Номер журналу    
    Universal Decimal Classification     ВП - Відділ періодики НБ ВП - Відділ періодики НБ 11/01/2022 8 (89)   336 К14 216221930 11/01/2022 11/01/2022 Номер журналу    
    Universal Decimal Classification     ВП - Відділ періодики НБ ВП - Відділ періодики НБ 22/02/2022 1 (90)   336 К14 216222173 22/02/2022 22/02/2022 Номер журналу    
    Universal Decimal Classification     ВП - Відділ періодики НБ ВП - Відділ періодики НБ 06/09/2022 2–4 (91–93)   336 К14 216222955 06/09/2022 06/09/2022 Номер журналу    
    Universal Decimal Classification     ВП - Відділ періодики НБ ВП - Відділ періодики НБ 03/11/2022 5–6 (94–95)   336 К14 216223170 03/11/2022 03/11/2022 Номер журналу    
    Universal Decimal Classification     ВП - Відділ періодики НБ ВП - Відділ періодики НБ 12/01/2023 7–8 (96–97)   336 К14 216223418 12/01/2023 12/01/2023 Номер журналу    
    Universal Decimal Classification     ВП - Відділ періодики НБ ВП - Відділ періодики НБ 29/09/2023 5 (102)   336 К14 2162214035924074 29/09/2023 29/09/2023 Номер журналу    
    Universal Decimal Classification     ВП - Відділ періодики НБ ВП - Відділ періодики НБ 16/10/2023 6 (103)   336 К14 2162214035924213 16/10/2023 16/10/2023 Номер журналу    
    Universal Decimal Classification     ВП - Відділ періодики НБ ВП - Відділ періодики НБ 08/12/2023 7 (104)   336 К14 2162214035924467 08/12/2023 08/12/2023 Номер журналу    
    Universal Decimal Classification     ВП - Відділ періодики НБ ВП - Відділ періодики НБ 08/01/2024 8 (105)   336 К14 2162214035924566 08/01/2024 08/01/2024 Номер журналу    
    Universal Decimal Classification     ВП - Відділ періодики НБ ВП - Відділ періодики НБ 07/03/2024 1 (106)   336 К14 2162214035924714 07/03/2024 07/03/2024 Номер журналу    
    Universal Decimal Classification     ВП - Відділ періодики НБ ВП - Відділ періодики НБ 02/04/2024 2 (107)   336 К14 2162214035924821 02/04/2024 02/04/2024 Номер журналу    
    Universal Decimal Classification     ВП - Відділ періодики НБ ВП - Відділ періодики НБ 07/05/2024 3 (108)   336 К14 2162214035924936 07/05/2024 07/05/2024 Номер журналу    
    Universal Decimal Classification     ВП - Відділ періодики НБ ВП - Відділ періодики НБ 20/06/2024 4 (109)   336 К14 2162214035925062 20/06/2024 20/06/2024 Номер журналу    
    Universal Decimal Classification     ВП - Відділ періодики НБ ВП - Відділ періодики НБ 09/09/2024 5 (110)   336 К14 2162214035925273 09/09/2024 09/09/2024 Номер журналу    
    Universal Decimal Classification     ВП - Відділ періодики НБ ВП - Відділ періодики НБ 14/10/2024 9 (712)   336 К14 2162214035925424 14/10/2024 14/10/2024 Номер журналу https://gazeta.ua/journal/712 "Задля існування цивілізації російську агресію треба зупинити"
    Universal Decimal Classification     ВП - Відділ періодики НБ ВП - Відділ періодики НБ 14/10/2024 10 (713)   336 К14 2162214035925425 14/10/2024 14/10/2024 Номер журналу https://gazeta.ua/journal/713 "Міграція українців нині залежить від лінії фронту"
    Universal Decimal Classification     ВП - Відділ періодики НБ ВП - Відділ періодики НБ 14/10/2024 11 (714)   336 К14 2162214035925426 14/10/2024 14/10/2024 Номер журналу https://gazeta.ua/journal/714 "Якщо очі військового не горять у цивільному світі, то з цим світом щось не так"
    Universal Decimal Classification     ВП - Відділ періодики НБ ВП - Відділ періодики НБ 25/10/2024 6 (111)   336 К14 2162214035925456 25/10/2024 25/10/2024 Номер журналу    
    Universal Decimal Classification     ВП - Відділ періодики НБ ВП - Відділ періодики НБ 24/12/2024 7 (112)   336 К14 2162214035925646 24/12/2024 24/12/2024 Номер журналу    
    Universal Decimal Classification     ВП - Відділ періодики НБ ВП - Відділ періодики НБ 16/01/2025 8 (113)   336 К14 2162214035925682 16/01/2025 16/01/2025 Номер журналу    
    Universal Decimal Classification     ВП - Відділ періодики НБ ВП - Відділ періодики НБ 21/05/2025 1 (114)   336 К14 2162214035926001 21/05/2025 21/05/2025 Номер журналу    
    Universal Decimal Classification     ВП - Відділ періодики НБ ВП - Відділ періодики НБ 21/05/2025 2 (115)   336 К14 2162214035926002 21/05/2025 21/05/2025 Номер журналу    
    Universal Decimal Classification     ВП - Відділ періодики НБ ВП - Відділ періодики НБ 21/05/2025 3 (116)   336 К14 2162214035926003 21/05/2025 21/05/2025 Номер журналу    
    Universal Decimal Classification     ВП - Відділ періодики НБ ВП - Відділ періодики НБ 21/07/2025 4 (117)   336 К14 2162214035926108 21/07/2025 21/07/2025 Номер журналу    
    Universal Decimal Classification     ВП - Відділ періодики НБ ВП - Відділ періодики НБ 12/03/2026 1 (122)   336 К14 2162214035926636 12/03/2026 12/03/2026 Номер журналу    
    Universal Decimal Classification     ВП - Відділ періодики НБ ВП - Відділ періодики НБ 15/04/2026 2 (123)   336 К14 2162214035926708 15/04/2026 15/04/2026 Номер журналу